000
00346nam a2200157Ia 4500
100
_a
Anthony/Saji
650
_a
Philosophy
942
_c
BK
366
_f
25
654
_a
happy life
245
_a
40 Secrets for a happy life
260
_b
Better Yourself Books
_a
Bandra
_c
2005
082
_a
170/ANT
_b
ANT
300
_a
107
546
_a
ENGLISH
999
_c
26490
_d
26490